Bangladesh faces the future (Record no. 377599)

000 -LEADER
fixed length control field 00436cam a22001457a 4500
008 - FIXED-LENGTH DATA ELEMENTS--GENERAL INFORMATION
fixed length control field 180718b1990 xxu||||| |||| 00| 0 eng d
020 ## - INTERNATIONAL STANDARD BOOK NUMBER
International Standard Book Number 984051220x
082 ## - DEWEY DECIMAL CLASSIFICATION NUMBER
Classification number T19x5471 N751
245 ## - TITLE STATEMENT
Title Bangladesh faces the future
Statement of responsibility, etc. edited by Ole David Koht Norbye
260 ## - PUBLICATION, DISTRIBUTION, ETC.
Place of publication, distribution, etc. Dhakay
Name of publisher, distributor, etc. Univ. Press
Date of publication, distribution, etc. 1990
300 ## - PHYSICAL DESCRIPTION
Extent 304p.
650 ## - SUBJECT ADDED ENTRY--TOPICAL TERM
Topical term or geographic name entry element Population - Bangladesh
650 ## - SUBJECT ADDED ENTRY--TOPICAL TERM
Topical term or geographic name entry element Agrarian Development - Bangladesh
700 ## - ADDED ENTRY--PERSONAL NAME
Personal name Norbye, Ole David Koht
Holdings
Withdrawn status Lost status Damaged status Not for loan Permanent Location Current Location Date acquired Full call number Barcode Date last seen Price effective from Koha item type
        Indian Institute of Public Administration Indian Institute of Public Administration 2010-03-19 T19x5471 N751 69194 2018-07-21 2018-07-21 Book
        Indian Institute of Public Administration Indian Institute of Public Administration 1995-03-16 T19x5471 N751 68833 2018-07-21 2018-07-21 Book

Powered by Koha